| 000 | 01109nam a22003617a 4500 | ||
|---|---|---|---|
| 001 | 31606701 | ||
| 003 | OSt | ||
| 005 | 20210420052959.0 | ||
| 008 | 980429n1995 xx u001 0 eng u | ||
| 010 | _a 94044230 | ||
| 020 | _a0517593068 | ||
| 025 | _a000000083736 | ||
| 040 |
_aeng _cDLC _beng |
||
| 041 | _aeng | ||
| 043 | _an-us-ma | ||
| 049 | _aYYEA | ||
| 080 |
_a61 (09) _bL-24 |
||
| 096 | _aW 19 L284h 1995 | ||
| 100 | 1 |
_aLangone, John, _d1929- |
|
| 245 | 1 | 0 |
_aHarvard Med : _bthe story behind America's premier medical school and the making of America's doctors / _cJohn Langone. |
| 250 | _a1st ed. | ||
| 260 |
_aNew York : _bCrown Publishers, _cc1995. |
||
| 300 |
_axiii, 383 p. ; _c25 cm. |
||
| 365 | _b25 usd | ||
| 504 | _aIncludes bibliographical references and index. | ||
| 590 | _ac. 1 951196 Ritt 6/30/95 $25. | ||
| 650 | 2 | _aSchools, Medical. | |
| 650 | 0 |
_aHistory of Medicine _9335 |
|
| 653 | _aმედიცინის ისტორია | ||
| 653 | _aსამედიცინო სკოლები | ||
| 710 | 2 | _aHarvard Medical School. | |
| 942 |
_2udc _cBK _e1 |
||
| 999 |
_c433 _d433 |
||